000 01706nam0a2200361 4500
001 RU\NLR\bibl\46191
005 20250616082416.0
010 _a5-232-00733-5
_97000
021 _aRU
_b98-47375
_92283
035 _a(NLR Aleph) 000045047
090 _a238155
_c238155
100 _a19990907d1998 |||y0rusy50 ca
101 1 _arus
_ceng
102 _aRU
105 _ay |||||||||
200 1 _aБабуин мадам Блаватской
_eИстория мистиков, медиумов и шарлатанов, которые открыли спиритуализм Америке
_fПитер Вашингтон
_g[Пер. с англ. А. Блейз, О. Перфилова]
210 _aМ.
_cКРОН-ПРЕСС
_d1998
215 _a491 с.
_d21
225 1 _aЭкспресс
300 _aЗагл. и авт. ориг.: Madame Blavatsky's baboon: A history of the mystics, mediums, a. misfits who brought spiritualism to America / Peter Washington
320 _aБиблиогр. в примеч.: с. 450-483
454 0 _12001#$aMadame Blavatsky's baboon$eA history of the mystics, mediums, a. misfits who brought spiritualism to America$fPeter Washington
_tMadame Blavatsky's baboon
600 1 _aБлаватская
_bЕ. П.
_f1831-1891
_gЕлена Петровна
_2psbo
606 0 _aСпиритизм
_yСоединенные Штаты Америки
_z20 в.
_92108879
_3RU\NLR\auth\661274692
686 _aЭ391.5-39(7США)
700 1 _aВашингтон
_bП.
_gПитер
_4070
801 0 _aRU
_bNLR
_c19990907
_gPSBO
801 1 _aRU
_bNLR
_c19990907
852 _aNLR
_j99-3/10109
942 _cBOOK
980 _aNB